Rozpoznaj reprezentantów Niemiec z 90+ meczami - 2026.01. - Statystyki

Ogólne statystyki
  • Ten quiz został rozwiązany 20 razy
  • Średni wynik to 12 z 20
Statystyki odpowiedzi
Obrazkowy Hint Odpowiedź % Poprawnych
124 Manuel Neuer
95%
131 Thomas Müller
95%
103 Franz Beckenbauer
89%
130 Lukas Podolski
89%
92 Mesut Özil
89%
137 Miroslav Klose
89%
113 Philipp Lahm
84%
90 meczów Rudi Völler
84%
114 Toni Kroos
84%
98 Michael Ballack
79%
106 Joshua Kimmich
68%
121 Bastian Schweinsteiger
63%
108 Jürgen Klinsmann
47%
150 Lothar Matthäus
42%
95 Sepp Maier
42%
104 Per Mertesacker
37%
96 Berti Vogts
16%
101 Thomas Häßler
16%
105 Jürgen Kohler
11%
95 Karl-Heinz Rummenigge
11%
Nie znaleziono quizów pasujących do podanych kryteriów
Rozkład punktacji
Procent ludzi z każdym wynikiem
Percentyl według liczby udzielonych odpowiedzi
Twoja historia wyników
Nie rozwiązałeś tego quizu